Lidah dan ekor lembu (Record no. 124278)

MARC details
000 -LEADER
fixed length control field 00729nam a2200265 i 4500
001 - CONTROL NUMBER
control field C2-0324307
003 - CONTROL NUMBER IDENTIFIER
control field PPAK
005 - DATE AND TIME OF LATEST TRANSACTION
control field 20180728122659.0
008 - FIXED-LENGTH DATA ELEMENTS--GENERAL INFORMATION
fixed length control field 131209s2013 my a|||| ||||| | may d
020 ## - INTERNATIONAL STANDARD BOOK NUMBER
International Standard Book Number 9789670129662
040 ## - CATALOGING SOURCE
Original cataloging agency PPAK
Language of cataloging eng
Transcribing agency PPAK
Description conventions rda
082 04 - DEWEY DECIMAL CLASSIFICATION NUMBER
Classification number 153.93
Edition number 23
090 00 - LOCALLY ASSIGNED LC-TYPE CALL NUMBER (OCLC); LOCAL CALL NUMBER (RLIN)
Classification number (OCLC) (R) ; Classification number, CALL (RLIN) (NR) 153.93
Feature heading GAN
Feature heading K
100 1# - MAIN ENTRY--PERSONAL NAME
Personal name Gan, Angeline,
Relator term author
245 10 - TITLE STATEMENT
Title Lidah dan ekor lembu
264 #1 - PRODUCTION, PUBLICATION, DISTRIBUTION, MANUFACTURE, AND COPYRIGHT NOTICE
Place of production, publication, distribution, manufacture Kuala Lumpur :
Name of producer, publisher, distributor, manufacturer Semarak Murni ,
Date of production, publication, distribution, manufacture, or copyright notice 2013
300 ## - PHYSICAL DESCRIPTION
Extent i, 30 pages :
Other physical details illustrations ;
Dimensions 22 cm
336 ## - CONTENT TYPE
Source rdacontent
Content type term text
337 ## - MEDIA TYPE
Source rdamedia
Media type term unmediated
338 ## - CARRIER TYPE
Source rdacarrier
Carrier type term volume
490 1# - SERIES STATEMENT
Series statement Menguji dalam santai
650 10 - SUBJECT ADDED ENTRY--TOPICAL TERM
Topical term or geographic name entry element Intelligence tests
830 #0 - SERIES ADDED ENTRY--UNIFORM TITLE
Uniform title Menguji dalam santai
942 ## - ADDED ENTRY ELEMENTS (KOHA)
-- dc
Koha item type Book
Holdings
Withdrawn Not for loan Current library Shelving location Date acquired Total Checkouts Full call number Barcode Date last seen Date last checked out Koha item type
    Perpustakaan Alor Setar Pinjaman Kanak-kanak 09/12/2013 1 K 153.93 GAN A01425388 21/07/2018 14/07/2018 Book
    Perpustakaan Alor Setar Pinjaman Kanak-kanak 09/12/2013   K 153.93 GAN A01425389 09/05/2018   Book
    Perpustakaan Awam Sungai Petani Pinjaman Kanak-kanak 09/12/2013 1 K 153.93 GAN A01425390 17/07/2018 03/07/2018 Book
    Perpustakaan Baling Pinjaman Kanak-kanak 09/12/2013 1 K 153.93 GAN A01425393 26/09/2023 30/08/2023 Book
    Perpustakaan Jitra Pinjaman Kanak-kanak 09/12/2013 1 K 153.93 GAN A01425391 19/08/2024 31/07/2024 Book
    Perpustakaan Kulim Pinjaman Kanak-kanak 09/12/2013   K 153.93 GAN A01425392 09/05/2018   Book
    Perpustakaan Langkawi Pinjaman Kanak-kanak 09/12/2013   K 153.93 GAN A01425395 09/05/2018   Book
    Perpustakaan Merbok Pinjaman Kanak-kanak 09/12/2013   K 153.93 GAN A01425394 09/05/2018   Book